00534 a2200181 450000500170000000800410001701000140005802000230007203500130009503700150010808200110012310000190013424500510015325000120020426000430021627000480025930000450030720080828125054.0080828t xxu||||| |||| 00| 0 eng d aENG-87360 c195.00a8173812160 aEN-70893 bDBAD / PUB a657.95 aPaul, S. Kumar aPractical corporate accountscby S. Kumar Paul a4th ed. aKolkatabNew Central Book Agencyc2005 a8/1, Chintamoni Das Lane,bKolkatae700 009 axxii, 913, 42 p.c28cm (Hb )b35 plates